Catálogo
 En Linea

Estrategias campesinas : (Registro nro. 23206)

Detalles MARC
000 -CABECERA
campo de control de longitud fija 00796nam a2200205 u 4500
001 - NÚMERO DE CONTROL
campo de control 000023710
005 - FECHA Y HORA DE LA ÚLTIMA TRANSACCIÓN
campo de control 20200930022416.0
008 - DATOS DE LONGITUD FIJA--INFORMACIÓN GENERAL
campo de control de longitud fija 101220s2000 ho r 000 | spa d
040 ## - FUENTE DE LA CATALOGACIÓN
Centro catalogador/agencia de origen DO-SdBNP
Lengua de catalogación spa
Centro/agencia transcriptor BNPHU
082 ## - NÚMERO DE LA CLASIFICACIÓN DECIMAL DEWEY
Número de clasificación xxx
Número de documento/Ítem G312e
049 ## - FONDOS LOCALES (OCLC)
Fondos de biblioteca BNGR
100 1# - ENTRADA PRINCIPAL--NOMBRE DE PERSONA
Nombre de persona Geilfus, Frans
9 (RLIN) 9325
245 10 - MENCIÓN DE TÍTULO
Título Estrategias campesinas :
Resto del título marco de análisis para el desarrollo rural /
Mención de responsabilidad, etc. Frans Geilfus; prólogo Guillermo E. Villanueva,Giorgio Mamberto, Miguel Angel Bonilla.
260 ## - PUBLICACIÓN, DISTRIBUCIÓN, ETC.
Lugar de publicación, distribución, etc. Tegucigalpa, Honduras :
Nombre del editor, distribuidor, etc. PROLANCHO : IICA : PRONADERS : SAG,
Fecha de publicación, distribución, etc. 2000.
300 ## - DESCRIPCIÓN FÍSICA
Extensión 378 p. :
Otras características físicas il., mapas ;
Dimensiones 25 cm.
500 ## - NOTA GENERAL
Nota general Incluye glosario y bibliografía
700 1# - PUNTO DE ACCESO ADICIONAL--NOMBRE DE PERSONA
Nombre de persona Villanueva, Guillermo E.
Término indicativo de función/relación pról.
9 (RLIN) 48827
700 1# - PUNTO DE ACCESO ADICIONAL--NOMBRE DE PERSONA
Nombre de persona Mamberto ,Giorgio
Término indicativo de función/relación pról.
9 (RLIN) 48828
700 1# - PUNTO DE ACCESO ADICIONAL--NOMBRE DE PERSONA
Nombre de persona Bonilla, Miguel Angel
Término indicativo de función/relación pról.
9 (RLIN) 48829
Existencias
Estado de retiro Estado de pérdida Restricciones de uso No para préstamo Código de colección Localización permanente Ubicación/localización actual Ubicación en estantería Fecha de adquisición Número de inventario Total de préstamos Signatura topográfica completa Código de barras Fecha visto por última vez Precio válido a partir de Tipo de ítem Koha
      Excluido de préstamo Monografías: Libros y Folletos General General En catalogación 20.12.2010 LF1   xxx G312e 23710-10 25.06.2020 25.06.2020 No se presta

Con tecnología Koha